Score 0/17 Timer 05:00
0 Plays Today
Person voted off Alternate target % Correct
Lauren BeckDean Kowalski
96.9%
Tommy SheehanDean Kowalski/Noura Salman
96.9%
Ronnie BardahVince Moua
96.7%
Janet CarbinLauren Beck
96.1%
Karishma PatelNoura Salman
96.1%
Molly BymanJason Linden/Noura Salman
95.7%
Elizabeth BeiselJanet Carbin/Karishma Patel
95.6%
Vince MouaKarishma Patel/Tom Laidlaw
95.5%
Kellee KimDan Spilo
95.5%
Person voted off Alternate target % Correct
Elaine StottNoura Salman
94.9%
Chelsea WalkerKarishma Patel
94.9%
Jack NichtingDean Kowalski
93.7%
Tom LaidlawKarishma Patel
93.6%
Missy ByrdTommy Sheehan
92.9%
Jamal ShipmanKarishma Patel/Janet Carbin
92.1%
Aaron MeredithJanet Carbin
91.1%
Jason LindenElaine Stott
90.9%
Remove Ads.
Support Sporcle.
Get the best of Sporcle when you Go Orange. This ad-free experience offers more features, more stats, and more fun while also helping to support Sporcle. Thank you for becoming a member.

You're not logged in!

Compare scores with friends on all Sporcle quizzes.
OR
Log In

Show Comments

Extras

Top Quizzes Today


Score Distribution

Your Account Isn't Verified!

In order to create a playlist on Sporcle, you need to verify the email address you used during registration. Go to your Sporcle Settings to finish the process.

Report this User

Report this user for behavior that violates our Community Guidelines.

Details: